Štrukturálne fondy ako nástroj boja proti sociálnemu vylúčeniu

Koncept sociálneho vylúčenia a nástroje jeho riešenia. Kľúčové problémy využívania fondov EÚ pre sociálne vylúčených.

Saved in:
Bibliographic Details
Main Author: Šipikal, Miroslav, 1976-
Format: Book Chapter
Language:Slovak
Subjects:
Tags: Add Tag
No Tags, Be the first to tag this record!

MARC

LEADER 00000nla$a2200000$$$4500
001 0132614
005 20240502072512.8
041 0 |a slo 
044 |a SK 
245 1 0 |a Štrukturálne fondy ako nástroj boja proti sociálnemu vylúčeniu  |c Miroslav Šipikal 
520 |a Koncept sociálneho vylúčenia a nástroje jeho riešenia. Kľúčové problémy využívania fondov EÚ pre sociálne vylúčených. 
610 2 0 |a chudoba 
610 2 0 |a chudobní 
610 2 0 |a vylúčenie sociálne 
610 2 0 |a fondy štruktúrne 
100 1 |a Šipikal, Miroslav, 1976-